00290nam a2200109Ia 4500008004100000100002000041245004900061250000800110260003600118300000800154650001800162191201s2004 xx 000 0 und d aHAWKINS, Barrie 4aThe Sunday Times How to Generate Great Ideas a1st aN.DelhibKogan Page Indiac2004 a100 aGeneral Books